Normal view
MARC view
Entry Personal Name
001 - CONTROL NUMBER
- control field: 80289
003 - CONTROL NUMBER IDENTIFIER
- control field: dpl
005 - DATE AND TIME OF LATEST TRANSACTION
- control field: 20250404112325.0
008 - FIXED-LENGTH DATA ELEMENTS
- fixed length control field: 250404|| aca||aabn | a|a d
040 ## - CATALOGING SOURCE
- Original cataloging agency: dpl
- Transcribing agency: dpl
100 ## - HEADING--PERSONAL NAME
- Personal name: नंदन, कन्हैयालाल
670 ## - SOURCE DATA FOUND
- Source citation: Work cat.: (dpl)210793: नंदन, कन्हैयालाल, ... कहना जरूरी था, 2023
